La torre : revista general de la Universidad de Puerto Rico /
Revista de la Universidad de Puerto Rico. Este número, único en biblioteca, está dedicado casi en su totalidad al estudio de diferentes literaturas. La norteamericana, con E.A. Poe, las vanguardias italianas, incluye la biografía de un escritor puertorriqueño del siglo XVI y menciona diferentes aspe...
Salvato in:
| Altri autori: | |
|---|---|
| Natura: | Libro |
| Lingua: | spagnolo |
| Soggetti: | |
| Tags: |
Nessun Tag, puoi essere il primo ad aggiungerne!!
|
MARC
| LEADER | 00000nam^a2200000^a^4500 | ||
|---|---|---|---|
| 001 | 000135777 | ||
| 005 | 20250521000000.0 | ||
| 009 | 20260310095254.428 | ||
| 037 | |a Acervo ITESO - Biblioteca | ||
| 041 | |a ESP | ||
| 082 | |a 805. |b TOR V. 50 | ||
| 240 | 1 | 4 | |a [La torre] |
| 245 | 0 | 3 | |a La torre : |b revista general de la Universidad de Puerto Rico / |c Dir. de J. Benítez. |
| 264 | |a San Juan, Puerto Rico : |b Universidad de Puerto Rico, |c 1965 | ||
| 300 | |a 159 p. | ||
| 336 | |a texto |b txt |2 rdacontenido | ||
| 337 | |a sin mediación |b n |2 rdamedio | ||
| 338 | |a volumen |b nc |2 rdasoporte | ||
| 520 | |a Revista de la Universidad de Puerto Rico. Este número, único en biblioteca, está dedicado casi en su totalidad al estudio de diferentes literaturas. La norteamericana, con E.A. Poe, las vanguardias italianas, incluye la biografía de un escritor puertorriqueño del siglo XVI y menciona diferentes aspectos del escritor como profesionista. | ||
| 649 | |a XX | ||
| 650 | |a Literatura - |x Publicaciones Periódicas Puertorriqueñas | ||
| 650 | |a Oceanografía - |z Puerto Rico - |x Investigación | ||
| 650 | |a Centros de Investigación - |z Puerto Rico | ||
| 650 | |a Escritores Norteamericanos | ||
| 650 | |a Literatura Norteamericana - |x Historia y Crítica | ||
| 650 | |a Poe, Edgar Allan | ||
| 650 | |a Literatura Italiana - |y Siglo XX | ||
| 650 | |a Literatura Italiana - |x Historia y Crítica | ||
| 650 | |a Creación (Literaria, Artística, etc.) | ||
| 650 | |a Escritores Puertorriqueños - |x Biografías | ||
| 650 | |a Literatura Puertorriqueña - |y Siglo XVII | ||
| 650 | |a Literatura Puertorriqueña - |x Historia y Crítica | ||
| 650 | |a Dávila Lugo, Francisco | ||
| 700 | |a Benítez, Jaime |e (dirección) | ||
| 910 | |a Fondo Salvador Reynoso Reynoso | ||
| 920 | |a Impresos - Libros | ||
| 930 | |a Fondos Especiales | ||
| 940 | |a Literatura | ||
| 905 | |a 112 | ||
| 901 | |a 0800013712 |b IT2 |c ESP |u 20250521 | ||
| 902 | |a https://opac.biblio.iteso.mx/vufind/Record/000135777 | ||